Effects of Support Conditions on Structural Response Under Dynamic Loading [MS Thesis] / (Record no. 2267)
[ view plain ]
| 000 -LEADER | |
|---|---|
| fixed length control field | 00353 a2200097 4500 |
| 082 ## - DEWEY DECIMAL CLASSIFICATION NUMBER | |
| Classification number | 624.17 KHA |
| 100 ## - MAIN ENTRY--PERSONAL NAME | |
| Personal name | Khaliq, Wasim |
| 245 ## - TITLE STATEMENT | |
| Title | Effects of Support Conditions on Structural Response Under Dynamic Loading [MS Thesis] / |
| Statement of responsibility, etc. | Wasim Khalid |
| 260 ## - PUBLICATION, DISTRIBUTION, ETC. | |
| Place of publication, distribution, etc. | Risalpur : |
| Name of publisher, distributor, etc. | National Institute of Transportation, |
| Date of publication, distribution, etc. | 2006 |
| 300 ## - PHYSICAL DESCRIPTION | |
| Extent | xiii,65p. : |
| Other physical details | ill. ; |
| Dimensions | 30 cm |
| 650 ## - SUBJECT ADDED ENTRY--TOPICAL TERM | |
| Topical term or geographic name entry element | Structural Analysis |
| Withdrawn status | Lost status | Damaged status | Not for loan | Permanent Location | Current Location | Shelving location | Date acquired | Total Checkouts | Full call number | Barcode | Date last seen | Price effective from | Koha item type |
|---|---|---|---|---|---|---|---|---|---|---|---|---|---|
| School of Civil and Environmental Engineering (SCEE) | School of Civil and Environmental Engineering (SCEE) | 624.17 KHA | NIT-128T | 01/05/2017 | 01/05/2017 | Book | |||||||
| School of Civil and Environmental Engineering (SCEE) | School of Civil and Environmental Engineering (SCEE) | NIT-129T | 01/05/2017 | 01/05/2017 | Book | ||||||||
| School of Civil and Environmental Engineering (SCEE) | School of Civil and Environmental Engineering (SCEE) | NIT-100315t | 01/05/2017 | 01/05/2017 | Book |
